[Event "I Torneo Internazionale A"]
[Site "Bergamo ITA"]
[Date "2009.03.14"]
[Round "3"]
[White "Reduzzi, Maurizio"]
[Black "Astengo, Corrado"]
[Result "1/2-1/2"]
[WhiteElo "2079"]
[BlackElo "2218"]
[PlyCount "43"]
[EventDate "2009.03.13"]

1. d4 d5 2. Nf3 c6 3. c4 e6 4. e3 Nf6 5. Nbd2 Nbd7 6. b3 Bd6 7. Bb2 O-O 8. Bd3
Qe7 9. Ne5 Ne8 10. O-O f6 11. Bxh7+ Kxh7 12. Qh5+ Kg8 13. Ng6 Qd8 14. e4 Bb4
15. exd5 cxd5 16. Nf3 Nc7 17. a3 Bd6 18. c5 Be7 19. Qh8+ Kf7 20. Qh5 Kg8 21.
Qh8+ Kf7 22. Qh5 1/2-1/2

[Event "I Torneo Internazionale A"]
[Site "Bergamo ITA"]
[Date "2009.03.14"]
[Round "3"]
[White "Seps, Monika"]
[Black "Calavalle, Giulio"]
[Result "1/2-1/2"]
[WhiteElo "2197"]
[BlackElo "2267"]
[PlyCount "33"]
[EventDate "2009.03.13"]

1. e4 c5 2. Nf3 Nc6 3. d4 cxd4 4. Nxd4 e5 5. Nb5 a6 6. Nd6+ Bxd6 7. Qxd6 Qf6 8.
Qxf6 Nxf6 9. Nc3 d5 10. Nxd5 Nxd5 11. exd5 Nb4 12. Bd3 Nxd3+ 13. cxd3 Bf5 14.
Be3 O-O-O 15. d4 exd4 16. Bxd4 Rxd5 17. O-O-O 1/2-1/2

[Event "I Torneo Internazionale A"]
[Site "Bergamo ITA"]
[Date "2009.03.14"]
[Round "3"]
[White "Sgnaolin, Davide"]
[Black "Stella, Andrea"]
[Result "1/2-1/2"]
[WhiteElo "2209"]
[BlackElo "2273"]
[PlyCount "39"]
[EventDate "2009.03.13"]

1. e4 e6 2. d4 d5 3. Nd2 c5 4. exd5 Qxd5 5. Ngf3 cxd4 6. Bc4 Qd6 7. O-O Nf6 8.
Nb3 Nc6 9. Nbxd4 Nxd4 10. Nxd4 a6 11. Bb3 Qc7 12. Re1 Bd6 13. h3 O-O 14. c3 h6
15. Qf3 e5 16. Nf5 Bxf5 17. Qxf5 Qe7 18. Be3 Rad8 19. Bb6 Rc8 20. Rad1 1/2-1/2

[Event "I Torneo Internazionale A"]
[Site "Bergamo ITA"]
[Date "2009.03.14"]
[Round "3"]
[White "Simutowe, Amon"]
[Black "Salmoiraghi, Angelo"]
[Result "1-0"]
[WhiteElo "2485"]
[BlackElo "2133"]
[PlyCount "103"]
[EventDate "2009.03.13"]

1. e4 c5 2. Nf3 Nc6 3. Bb5 e6 4. O-O Nge7 5. Re1 a6 6. Bf1 d5 7. exd5 Nxd5 8.
d4 cxd4 9. Nxd4 Nxd4 10. Qxd4 Nf6 11. Qxd8+ Kxd8 12. c4 Bc5 13. Nc3 Bd7 14. h3
Bc6 15. a3 Ke7 16. b4 Bd4 17. Bb2 Bb6 18. a4 Rhd8 19. b5 axb5 20. axb5 Rxa1 21.
Rxa1 Bd7 22. Na4 Bc7 23. g4 Bc8 24. Bg2 b6 25. Ba3+ Ke8 26. c5 bxc5 27. b6 Be5
28. Rb1 Rd3 29. Bxc5 Bd7 30. Bf1 Rd5 31. Bc4 Bxa4 32. Bxd5 Nxd5 33. b7 Bc2 34.
b8=Q+ Bxb8 35. Rxb8+ Kd7 36. Bd4 g5 37. Rb7+ Ke8 38. Bc5 Bg6 39. Kh2 Kd8 40.
Kg3 f5 41. Bd6 Ke8 42. Rg7 Kd8 43. f3 Ke8 44. Ra7 Kd8 45. Bf8 fxg4 46. fxg4 Nc3
47. Be7+ Ke8 48. Bxg5 Ne4+ 49. Kh4 Kf8 50. Rc7 Kg8 51. Bh6 Be8 52. Rg7+ 1-0

[Event "I Torneo Internazionale A"]
[Site "Bergamo ITA"]
[Date "2009.03.14"]
[Round "3"]
[White "Stips, Felix"]
[Black "Tratar, Marko"]
[Result "1/2-1/2"]
[WhiteElo "2152"]
[BlackElo "2497"]
[PlyCount "167"]
[EventDate "2009.03.13"]

1. Nf3 d6 2. d4 Nf6 3. c4 g6 4. Nc3 Bg7 5. e4 O-O 6. Be2 Nbd7 7. O-O e5 8. Be3
Re8 9. dxe5 dxe5 10. Qc1 c6 11. h3 Qe7 12. a3 Nc5 13. Qc2 Nh5 14. Rfd1 Ne6 15.
b4 Nhf4 16. Bf1 Qf6 17. Nh2 Nd4 18. Qb2 h5 19. Ne2 Ndxe2+ 20. Bxe2 g5 21. Nf1
Qg6 22. Qc2 Bf6 23. Rd6 Be6 24. Rad1 a5 25. Bc5 axb4 26. Bxb4 Be7 27. R6d2 c5
28. Bc3 Nxe2+ 29. Rxe2 Bxc4 30. Re3 Qe6 31. Qb2 Bb3 32. Ra1 Bd6 33. Nd2 c4 34.
Nxb3 cxb3 35. Bd2 f6 36. Rxb3 Re7 37. Rxb7 Rxb7 38. Qxb7 Rxa3 39. Rc1 Qf7 40.
Qc8+ Kg7 41. Rc6 Qe7 42. Bb4 Ra1+ 43. Kh2 Bxb4 44. Rc7 h4 45. Rxe7+ Bxe7 46.
Qb7 Kf8 47. Qc8+ Kg7 48. Qc2 Ra3 49. g3 hxg3+ 50. fxg3 Kf7 51. h4 gxh4 52. gxh4
Rf3 53. h5 Rf4 54. Kg3 Bf8 55. Qc7+ Kg8 56. Qd8 Kg7 57. Qe8 Rf1 58. Kg2 Rf4 59.
Qg6+ Kh8 60. Qf7 Bg7 61. Kg3 Kh7 62. Qg6+ Kh8 63. Kg2 Bf8 64. h6 Bxh6 65. Qxh6+
Kg8 66. Kg3 Kf7 67. Qh7+ Ke6 68. Qg8+ Kd6 69. Qd5+ Ke7 70. Qc6 Kf7 71. Qd7+ Kg6
72. Qe8+ Kg7 73. Qe7+ Kg6 74. Qb7 Rf1 75. Qc8 Kg7 76. Qg4+ Kf7 77. Qh5+ Kg7 78.
Qg4+ Kf7 79. Qd7+ Kg6 80. Qe8+ Kg5 81. Qg8+ Kh6 82. Qh8+ Kg6 83. Qg8+ Kh6 84.
Qh8+ 1/2-1/2

[Event "I Torneo Internazionale A"]
[Site "Bergamo ITA"]
[Date "2009.03.14"]
[Round "3"]
[White "Vezzosi, Paolo"]
[Black "Valsecchi, Alessio"]
[Result "1-0"]
[WhiteElo "2374"]
[BlackElo "2363"]
[PlyCount "85"]
[EventDate "2009.03.13"]

1. d4 Nf6 2. c4 g6 3. Nc3 Bg7 4. e4 d6 5. Be2 O-O 6. Be3 e5 7. Nf3 Nc6 8. d5
Ne7 9. Nd2 Nd7 10. O-O f5 11. f3 f4 12. Bf2 g5 13. b4 b6 14. a4 Rf7 15. a5 bxa5
16. Rxa5 Bf8 17. Qa1 Nf6 18. Nb5 a6 19. Na7 Rxa7 20. Bxa7 g4 21. fxg4 Rg7 22.
Ra3 Nxg4 23. Qd1 Nf6 24. Bf2 Qe8 25. Bf3 Qg6 26. Qe2 Ng4 27. Kh1 Qh6 28. Bg1
Rg5 29. Rc1 Nf6 30. c5 Ng6 31. b5 axb5 32. Ra8 Bg4 33. cxd6 cxd6 34. Bxg4 Rxg4
35. Rcc8 f3 36. Qxf3 Rf4 37. Be3 Qh4 38. Bxf4 exf4 39. g3 Qh6 40. gxf4 Nd7 41.
Qg4 Qxf4 42. Qxf4 Nxf4 43. Rd8 1-0

[Event "I Torneo Internazionale A"]
[Site "Bergamo ITA"]
[Date "2009.03.14"]
[Round "3"]
[White "Vincenzi, Marco"]
[Black "Zinani, Alessandro"]
[Result "0-1"]
[WhiteElo "2130"]
[BlackElo "2211"]
[PlyCount "88"]
[EventDate "2009.03.13"]

1. e4 e6 2. d4 d5 3. Nc3 Bb4 4. e5 c5 5. a3 Bxc3+ 6. bxc3 Ne7 7. Nf3 Qa5 8. Bd2
Nbc6 9. c4 Qc7 10. cxd5 Nxd5 11. c3 Bd7 12. Bd3 h6 13. Rb1 g5 14. h3 Rg8 15.
Be4 Na5 16. Bxd5 exd5 17. Be3 c4 18. Nh2 b6 19. Ng4 Bxg4 20. hxg4 Rg6 21. Qf3
O-O-O 22. Qf5+ Kb7 23. Ke2 Qe7 24. Rh3 Rc8 25. Rbh1 Rcc6 26. Bc1 Ka6 27. Rf3
Rc7 28. Rfh3 Rcc6 29. a4 Rge6 30. Bb2 f6 31. Re3 fxe5 32. dxe5 Nb3 33. g3 d4
34. cxd4 Qb4 35. Bc3 Qxc3 36. Rxc3 Nxd4+ 37. Ke3 Nxf5+ 38. gxf5 Rxe5+ 39. Kd4
Rxf5 40. Rh2 Rfc5 41. f4 gxf4 42. gxf4 Ka5 43. Rhc2 Rf6 44. Ke4 Kxa4 0-1

[Event "I Torneo Internazionale A"]
[Site "Bergamo ITA"]
[Date "2009.03.14"]
[Round "3"]
[White "Vuelban, Virgilio"]
[Black "Mrdja, Milan"]
[Result "0-1"]
[WhiteElo "2411"]
[BlackElo "2386"]
[PlyCount "38"]
[EventDate "2009.03.13"]

1. e4 Nf6 2. e5 Nd5 3. d4 d6 4. Nf3 Bg4 5. Be2 e6 6. c4 Nb6 7. Nc3 Be7 8. O-O
O-O 9. Be3 Nc6 10. exd6 cxd6 11. d5 exd5 12. cxd5 Bxf3 13. Bxf3 Ne5 14. Be2
Nec4 15. Bd4 Bf6 16. Bxc4 Nxc4 17. b3 Nb6 18. Ne4 Bxd4 19. Qxd4 Re8 0-1

[Event "I Torneo Internazionale A"]
[Site "Bergamo ITA"]
[Date "2009.03.14"]
[Round "3"]
[White "Zelcic, Robert"]
[Black "Massironi, Marco"]
[Result "1-0"]
[WhiteElo "2569"]
[BlackElo "2182"]
[PlyCount "59"]
[EventDate "2009.03.13"]

1. e4 c5 2. Nf3 d6 3. d4 cxd4 4. Qxd4 Bd7 5. c4 Nc6 6. Qd1 g6 7. Be2 Bg7 8. O-O
Nf6 9. Nc3 O-O 10. h3 Rc8 11. Be3 Na5 12. Nd2 Be6 13. Nd5 b5 14. Nxf6+ Bxf6 15.
cxb5 Bxb2 16. Rb1 Bc3 17. Qa4 Bxd2 18. Bxd2 Nc4 19. Bh6 Nb6 20. Qd4 f6 21. Bxf8
Qxf8 22. a3 Rc5 23. Rfc1 Nd7 24. Bc4 Qf7 25. Bxe6 Qxe6 26. Rxc5 Nxc5 27. Qd5
Kf7 28. Rc1 f5 29. f3 Kf6 30. g4 1-0

[Event "I Torneo Internazionale A"]
[Site "Bergamo ITA"]
[Date "2009.03.15"]
[Round "4"]
[White "Astengo, Corrado"]
[Black "Bemporad, Filippo"]
[Result "1-0"]
[WhiteElo "2218"]
[BlackElo "2061"]
[PlyCount "59"]
[EventDate "2009.03.13"]

1. e4 c5 2. Nf3 d6 3. d4 cxd4 4. Nxd4 e6 5. Nc3 Be7 6. f4 Nc6 7. Be3 Qc7 8. Qf3
a6 9. Bd3 Nf6 10. O-O O-O 11. Rae1 Bd7 12. Qg3 b5 13. Nf3 Rfc8 14. Qh3 Nb4 15.
g4 Nxd3 16. cxd3 b4 17. Nd1 Bb5 18. g5 Nd7 19. Nf2 Bf8 20. Nd4 Nc5 21. Rc1 Qd7
22. Rfd1 Rab8 23. b3 Qd8 24. f5 exf5 25. exf5 Nd7 26. Nxb5 Rxc1 27. Rxc1 Rxb5
28. f6 Ne5 29. Rc8 Nf3+ 30. Kh1 1-0

[Event "I Torneo Internazionale A"]
[Site "Bergamo ITA"]
[Date "2009.03.15"]
[Round "4"]
[White "Astengo, Marcello"]
[Black "Matseyko, Katerina"]
[Result "1/2-1/2"]
[WhiteElo "2123"]
[BlackElo "2268"]
[PlyCount "126"]
[EventDate "2009.03.13"]

1. d4 Nf6 2. c4 c5 3. d5 e6 4. Nc3 exd5 5. cxd5 d6 6. e4 g6 7. Bd3 Bg7 8. h3
O-O 9. Nf3 Re8 10. O-O a6 11. a4 Nbd7 12. Bf4 Qe7 13. Re1 Ne5 14. Nxe5 dxe5 15.
Bg5 Qd6 16. a5 Bd7 17. Na4 Bxa4 18. Rxa4 Nd7 19. Qc2 Bf8 20. Rc1 Reb8 21. Be3
Be7 22. g3 b5 23. axb6 Rxb6 24. Rca1 Qb8 25. R1a2 Qb7 26. Ra5 Qc8 27. Kg2 Bd6
28. Qe2 Nb8 29. Bc4 Kg7 30. b3 Ra7 31. R2a4 Rd7 32. f4 Re7 33. fxe5 Rxe5 34.
Bf4 Re7 35. Bxa6 Qc7 36. Bxd6 Qxd6 37. Qb2+ f6 38. Bd3 Nc6 39. Ra6 Nb4 40. Rxb6
Qxb6 41. Bb1 h5 42. h4 Qd6 43. Ra5 Qc7 44. Qa1 Qb6 45. Qa4 f5 46. exf5 Qd6 47.
f6+ Qxf6 48. Ra7 Nxd5 49. Rxe7+ Nxe7 50. Qe4 Qd6 51. Bd3 Nf5 52. Qb7+ Kf6 53.
Qa6 Qxa6 54. Bxa6 Ke5 55. Bb5 Nd6 56. Bd3 Ne4 57. Bc4 Nd2 58. Bf7 Kf6 59. Bd5
g5 60. Kf2 Ke5 61. Bf7 gxh4 62. gxh4 Kf4 63. Ke2 Nxb3 1/2-1/2

[Event "I Torneo Internazionale A"]
[Site "Bergamo ITA"]
[Date "2009.03.15"]
[Round "4"]
[White "Bellavita, Guido"]
[Black "Pulito, Alberto"]
[Result "0-1"]
[WhiteElo "2060"]
[BlackElo "2251"]
[PlyCount "112"]
[EventDate "2009.03.13"]

1. g3 d5 2. d4 Nf6 3. Bg2 e6 4. Nf3 Be7 5. c4 O-O 6. Nc3 c5 7. cxd5 exd5 8. O-O
Nc6 9. dxc5 Bxc5 10. Bg5 Be6 11. Rc1 Be7 12. Be3 Qd7 13. Bd4 Rfd8 14. Ne5 Nxe5
15. Bxe5 Rac8 16. Qa4 Rc4 17. Qxd7 Nxd7 18. Bf4 g5 19. Bd2 Ne5 20. b3 Rc5 21.
Na4 Rcc8 22. Rxc8 Rxc8 23. Rc1 Nc6 24. Nb2 Ba3 25. Rc2 Bf5 26. Nd3 Re8 27. Be3
Be4 28. Bxe4 dxe4 29. Nc5 Bxc5 30. Rxc5 f6 31. Rd5 Kf7 32. Rd7+ Re7 33. Rd2 Ke6
34. f3 exf3 35. exf3 Ne5 36. Kf2 b6 37. h3 Rc7 38. Bd4 Rc1 39. f4 gxf4 40. gxf4
Ng6 41. Bb2 Rh1 42. Kg3 Rg1+ 43. Kf2 Rh1 44. Kg3 Rf1 45. Rc2 Nxf4 46. Rc6+ Kd7
47. Rc4 Nd5 48. Rh4 Rg1+ 49. Kf3 Rg7 50. Ke4 Ke6 51. Rh5 Ne7 52. Rh6 Ng6 53.
Rh5 Rf7 54. Rf5 Ne7 55. Rb5 f5+ 56. Kf3 Nd5 0-1

[Event "I Torneo Internazionale A"]
[Site "Bergamo ITA"]
[Date "2009.03.15"]
[Round "4"]
[White "Bozzali, Ermanno"]
[Black "Cazzaniga, Walter"]
[Result "0-1"]
[WhiteElo "2140"]
[BlackElo "2192"]
[PlyCount "78"]
[EventDate "2009.03.13"]

1. e4 e6 2. d4 d5 3. Nc3 Bb4 4. e5 c5 5. a3 Bxc3+ 6. bxc3 Qa5 7. Bd2 Qa4 8. Qb1
Nc6 9. Nf3 Nge7 10. Bb5 Qa5 11. dxc5 O-O 12. O-O Qc7 13. Re1 Ng6 14. Bxc6 bxc6
15. Qc1 Rb8 16. Be3 Ba6 17. Bd4 Rb7 18. h4 Qe7 19. g3 Rfb8 20. h5 Nf8 21. h6 g6
22. a4 Rb2 23. c4 R2b7 24. cxd5 exd5 25. e6 Nxe6 26. Be5 Rc8 27. Bd6 Qf6 28.
Re3 g5 29. Qa3 Qxh6 30. Rae1 Bc4 31. Ne5 d4 32. Ng4 Qh3 33. Re4 f5 34. Nf6+ Kf7
35. Qf3 Kxf6 36. Be5+ Kg6 37. Bxd4 fxe4 38. Qf6+ Kh5 39. Be3 Rf8 0-1

[Event "I Torneo Internazionale A"]
[Site "Bergamo ITA"]
[Date "2009.03.15"]
[Round "4"]
[White "Brunello, Sabino"]
[Black "Zelcic, Robert"]
[Result "1-0"]
[WhiteElo "2460"]
[BlackElo "2569"]
[PlyCount "71"]
[EventDate "2009.03.13"]

1. d4 Nf6 2. c4 e6 3. g3 d5 4. Nf3 Bb4+ 5. Bd2 a5 6. Bg2 dxc4 7. Qc2 b5 8. a4
bxa4 9. Bxb4 axb4 10. Rxa4 Ba6 11. Nbd2 Nbd7 12. O-O b3 13. Qc1 Nb6 14. Ra5 Bb7
15. Nxc4 O-O 16. Rxa8 Qxa8 17. Ncd2 Qa6 18. Re1 Qb5 19. Qxc7 Bxf3 20. Nxf3 Nc4
21. Qc5 Qa4 22. Ne5 Nxb2 23. Bc6 Qa2 24. e4 h5 25. d5 Ng4 26. dxe6 fxe6 27. Bd7
Nxe5 28. Qxe5 g6 29. Bxe6+ Kh7 30. Qc7+ Kh6 31. Qc1+ Kh7 32. Qc7+ Kh6 33. Qc5
Rd8 34. Qe3+ Kh7 35. Bxb3 Rd3 36. Bxa2 1-0

[Event "I Torneo Internazionale A"]
[Site "Bergamo ITA"]
[Date "2009.03.15"]
[Round "4"]
[White "Calavalle, Giulio"]
[Black "Andres Gonzalez, Alberto"]
[Result "0-1"]
[WhiteElo "2267"]
[BlackElo "2476"]
[PlyCount "36"]
[EventDate "2009.03.13"]

1. e4 c5 2. Nc3 a6 3. Bc4 e6 4. d3 Nc6 5. a4 Nf6 6. Bg5 Be7 7. f4 d5 8. Bb3 h6
9. Bxf6 Bxf6 10. e5 Bh4+ 11. g3 Be7 12. Qg4 g6 13. Nce2 Qa5+ 14. Kf1 Qb4 15.
Nf3 h5 16. Qh3 c4 17. dxc4 dxc4 18. Ba2 Qxb2 0-1

[Event "I Torneo Internazionale A"]
[Site "Bergamo ITA"]
[Date "2009.03.15"]
[Round "4"]
[White "Corvi, Marco"]
[Black "Cabrera Pino, Alexis"]
[Result "1-0"]
[WhiteElo "2319"]
[BlackElo "2507"]
[PlyCount "91"]
[EventDate "2009.03.13"]

1. c4 f5 2. Nc3 Nf6 3. g3 g6 4. Bg2 Bg7 5. d4 d6 6. d5 O-O 7. Nh3 Na6 8. O-O e5
9. dxe6 Nc5 10. Nf4 c6 11. Re1 Nxe6 12. Nxe6 Bxe6 13. Bf4 Bxc4 14. Bxd6 Rf7 15.
Bf4 Qa5 16. Qc2 Nd5 17. Nxd5 Bxd5 18. Red1 Be6 19. Bd2 Qb5 20. Bc3 Bxc3 21.
bxc3 a5 22. Rd4 Qc5 23. Rad1 a4 24. c4 a3 25. Qc3 Rff8 26. e3 Ra4 27. Rd8 Ra8
28. R8d4 Rfe8 29. Bf1 Kf7 30. h4 h5 31. e4 fxe4 32. Rxe4 Bf5 33. Red4 Qe5 34.
c5 Re7 35. Bc4+ Kg7 36. Bd3 Be6 37. Bc4 Bg4 38. Rc1 Ra4 39. Re4 Rxc4 40. Rxe5
Rxc3 41. Rxe7+ Kf6 42. Rxc3 Kxe7 43. Rxa3 Ke6 44. Rd3 Ke5 45. f3 Be6 46. a3 1-0

[Event "I Torneo Internazionale A"]
[Site "Bergamo ITA"]
[Date "2009.03.15"]
[Round "4"]
[White "Di Pietro, Davide"]
[Black "Tratar, Marko"]
[Result "0-1"]
[WhiteElo "2074"]
[BlackElo "2497"]
[PlyCount "138"]
[EventDate "2009.03.13"]

1. d4 e6 2. Nf3 c5 3. c4 cxd4 4. Nxd4 Nf6 5. e3 a6 6. Be2 Qc7 7. O-O Be7 8. b3
O-O 9. Bb2 Rd8 10. Nc3 Nc6 11. Rc1 b6 12. Na4 Bb7 13. a3 Ne5 14. f3 Ng6 15. Qe1
d6 16. Qf2 Rab8 17. Rfd1 Ba8 18. Nc3 Rbc8 19. Nc2 Nd7 20. f4 Bh4 21. Qf1 Bf6
22. Nd4 Nh4 23. Nf3 Nxf3+ 24. Bxf3 Bxf3 25. gxf3 Nc5 26. b4 Nd7 27. Na4 Bxb2
28. Nxb2 Nf6 29. Nd3 Qc6 30. Qe2 h6 31. Kf2 a5 32. Qb2 axb4 33. axb4 Kf8 34. b5
Qc7 35. Nb4 Qc5 36. Nd3 Qh5 37. Kg2 Nd7 38. Qd4 Nc5 39. Nxc5 Rxc5 40. Qe4 Kg8
41. Rd2 d5 42. Qe5 Qxe5 43. fxe5 Rdc8 44. Rb2 Rxc4 45. Rxc4 Rxc4 46. f4 Rc3 47.
Kf2 Kh7 48. Ke2 g5 49. Kf3 gxf4 50. Kxf4 Rc4+ 51. Kf3 Re4 52. Ra2 Rxe5 53. Ra6
d4 54. Rxb6 Rxe3+ 55. Kf4 Rh3 56. Ke4 Rh4+ 57. Ke5 Kg6 58. Rb8 d3 59. b6 Rb4
60. Rg8+ Kh5 61. Rd8 Rxb6 62. Rxd3 Rb5+ 63. Kf6 Rf5+ 64. Kg7 e5 65. Re3 Kg5 66.
Re4 f6 67. Re3 Rf4 68. Rg3+ Rg4 69. Rf3 f5 0-1

[Event "I Torneo Internazionale A"]
[Site "Bergamo ITA"]
[Date "2009.03.15"]
[Round "4"]
[White "Djuric, Stefan"]
[Black "Madiai, Federico"]
[Result "1/2-1/2"]
[WhiteElo "2461"]
[BlackElo "2091"]
[PlyCount "91"]
[EventDate "2009.03.13"]

1. c4 Nf6 2. Nf3 e6 3. Nc3 c5 4. g3 a6 5. Bg2 Qc7 6. O-O Be7 7. d4 cxd4 8. Nxd4
Nc6 9. e4 d6 10. b3 Bd7 11. Bb2 O-O 12. Rc1 Nxd4 13. Qxd4 Rad8 14. h3 Qb8 15.
Qb6 Bc6 16. Rfd1 Rd7 17. Qe3 Qa8 18. e5 dxe5 19. Bxc6 bxc6 20. Qxe5 Rfd8 21.
Rxd7 Rxd7 22. Na4 Qa7 23. Qe2 h6 24. Kg2 Qb8 25. Qf3 Qd6 26. Re1 Qd2 27. Re2
Qd3 28. Re3 Qb1 29. Qxc6 Rd1 30. Nc3 Rg1+ 31. Kh2 Qf1 32. Qa8+ Bf8 33. Qf3 Rh1+
34. Qxh1 Qxf2+ 35. Qg2 Qxe3 36. Nd1 Qd3 37. Nf2 Qf5 38. Bxf6 Qxf6 39. Nd3 Qc3
40. Qe2 Bd6 41. Kg2 a5 42. Qe4 Qd2+ 43. Kf3 Qd1+ 44. Kg2 Qd2+ 45. Kf3 Qd1+ 46.
Kg2 1/2-1/2

[Event "I Torneo Internazionale A"]
[Site "Bergamo ITA"]
[Date "2009.03.15"]
[Round "4"]
[White "Gerola, Fausto"]
[Black "Vincenzi, Marco"]
[Result "1/2-1/2"]
[WhiteElo "2206"]
[BlackElo "2130"]
[PlyCount "103"]
[EventDate "2009.03.13"]

1. e4 c5 2. Nf3 d6 3. d4 cxd4 4. Nxd4 Nf6 5. Nc3 Nc6 6. Be2 g6 7. Be3 Bg7 8.
O-O O-O 9. Nb3 Be6 10. f4 Rc8 11. h3 a6 12. Bf3 b5 13. Ne2 Bc4 14. Rf2 d5 15.
e5 Ne4 16. Bxe4 dxe4 17. Nc3 Qxd1+ 18. Rxd1 f6 19. Nxe4 fxe5 20. c3 exf4 21.
Bxf4 Rcd8 22. Rxd8 Rxd8 23. Kh2 Ne5 24. Nbc5 Rd1 25. b3 Bd5 26. Rd2 Rxd2 27.
Nxd2 a5 28. Kg3 h6 29. h4 Kh7 30. Be3 Nc6 31. c4 bxc4 32. bxc4 Bf7 33. Nd3 Bf6
34. a4 g5 35. hxg5 hxg5 36. c5 Kg6 37. Ne4 Bb3 38. Kf2 Bxa4 39. Nxf6 exf6 40.
Kf3 Bd1+ 41. Ke4 Bc2 42. Kd5 Ne7+ 43. Kc4 Bxd3+ 44. Kxd3 Kf5 45. Kc4 Ke4 46.
Bd4 Nd5 47. c6 f5 48. Bc3 a4 49. Ba5 g4 50. c7 Nxc7 51. Bxc7 g3 52. Kb4 1/2-1/2

[Event "I Torneo Internazionale A"]
[Site "Bergamo ITA"]
[Date "2009.03.15"]
[Round "4"]
[White "Iglesias Leon, Francisco Javier"]
[Black "Chierici, Marianna"]
[Result "1/2-1/2"]
[WhiteElo "2244"]
[BlackElo "2006"]
[PlyCount "257"]
[EventDate "2009.03.13"]

1. b3 d5 2. Bb2 Nf6 3. e3 Qd6 4. f4 Bg4 5. Be2 Bxe2 6. Qxe2 Nbd7 7. Nf3 h6 8.
Ne5 Rg8 9. Qb5 Qb6 10. Nc3 c6 11. Qe2 Qc7 12. Nd1 g5 13. g3 Bg7 14. Nf2 Ne4 15.
Nfd3 Nxe5 16. Nxe5 Bxe5 17. Bxe5 Qd7 18. d3 Nd6 19. O-O-O O-O-O 20. e4 f6 21.
Bb2 gxf4 22. gxf4 Qg4 23. Qe3 dxe4 24. dxe4 e5 25. fxe5 fxe5 26. Qxa7 Qxe4 27.
Qa8+ Kd7 28. Qxb7+ Ke6 29. Qa6 Ra8 30. Qd3 Qxd3 31. Rxd3 Rxa2 32. Rhd1 Nf5 33.
Rc3 Ra6 34. Rc5 Nd4 35. Bxd4 exd4 36. Rxd4 Rg5 37. Rdc4 Kd6 38. b4 Rb6 39. Rxg5
hxg5 40. Kd2 Rb8 41. Rg4 Rh8 42. Rxg5 Rxh2+ 43. Kd3 Kc7 44. c3 Kb6 45. Kc4 Rh4+
46. Kb3 Rh3 47. Rg7 Rf3 48. Rg6 Rh3 49. Rd6 Rg3 50. Kc4 Rg4+ 51. Kb3 Rg3 52.
Re6 Rh3 53. Re5 Rg3 54. Rc5 Rh3 55. Ka4 Rh1 56. Rg5 Rh4 57. Ra5 Rg4 58. Ra8 Rh4
59. Kb3 Rh3 60. Rb8+ Kc7 61. Re8 Kb6 62. Re1 Rg3 63. Rc1 Kb5 64. Ra1 Rh3 65.
Ra5+ Kb6 66. Re5 Rg3 67. Kc4 Rg8 68. Re3 Rg4+ 69. Kb3 Rg1 70. Re7 Rg3 71. Re4
Rh3 72. Kc2 Rg3 73. c4 Rg6 74. Re5 Rh6 75. Kb3 Rh1 76. Re6 Rb1+ 77. Kc3 Rc1+
78. Kd3 Kb7 79. Kd4 Rh1 80. Kc5 Rh5+ 81. Kd6 Kb6 82. Re7 Rh6+ 83. Ke5 Rh5+ 84.
Kd4 Rh4+ 85. Kc3 Rh3+ 86. Kb2 Rh6 87. Kb3 Rh1 88. c5+ Ka6 89. Rc7 Rh6 90. Ka4
Rg6 91. Rc8 Kb7 92. Rd8 Kc7 93. Rd3 Rg1 94. Rh3 Ra1+ 95. Kb3 Rb1+ 96. Kc3 Rc1+
97. Kb2 Rd1 98. Rh7+ Kb8 99. Rg7 Kc8 100. Kc2 Rd5 101. Kc3 Rd1 102. Rh7 Kb8
103. Rh4 Kb7 104. Rd4 Rc1+ 105. Kb2 Rg1 106. Rd6 Rg3 107. Kc2 Rh3 108. Rd3 Rh4
109. Kb3 Kc7 110. Rg3 Rd4 111. Ka4 Rd7 112. Ka5 Kb7 113. Rg6 Rh7 114. Re6 Rg7
115. Rd6 Rh7 116. Rg6 Rf7 117. b5 cxb5 118. Kxb5 Rh7 119. Rb6+ Kc7 120. Ra6 Rh1
121. Ra7+ Kb8 122. Rd7 Rh6 123. Rd6 Rh7 124. Kc6 Rc7+ 125. Kb5 Rh7 126. Rd8+
Kc7 127. Ra8 Rh6 128. Ra7+ Kc8 129. Rg7 1/2-1/2

[Event "I Torneo Internazionale A"]
[Site "Bergamo ITA"]
[Date "2009.03.15"]
[Round "4"]
[White "Korneev, Oleg"]
[Black "Corrales Jimenez, Fidel"]
[Result "1/2-1/2"]
[WhiteElo "2613"]
[BlackElo "2586"]
[PlyCount "34"]
[EventDate "2009.03.13"]

1. e4 c5 2. Nf3 d6 3. d4 cxd4 4. Nxd4 Nf6 5. Nc3 a6 6. Be3 e6 7. f3 b5 8. Qd2
Nbd7 9. O-O-O Bb7 10. g4 Nb6 11. Bd3 Rc8 12. g5 Nfd7 13. Kb1 Ne5 14. Qe1 Be7
15. h4 d5 16. exd5 Nxd3 17. Rxd3 Nxd5 1/2-1/2

[Event "I Torneo Internazionale A"]
[Site "Bergamo ITA"]
[Date "2009.03.15"]
[Round "4"]
[White "Manca, Federico"]
[Black "Cappai, Davide"]
[Result "1/2-1/2"]
[WhiteElo "2373"]
[BlackElo "2120"]
[PlyCount "68"]
[EventDate "2009.03.13"]

1. e4 g6 2. d4 Bg7 3. Nc3 d6 4. Nf3 Nf6 5. h3 O-O 6. Be3 c5 7. e5 Nfd7 8. exd6
exd6 9. Be2 Nc6 10. O-O a6 11. dxc5 dxc5 12. Qd2 Qb6 13. Rab1 Nd4 14. Bh6 Nf6
15. Bxg7 Kxg7 16. Nxd4 cxd4 17. Na4 Qd6 18. Bf3 Bd7 19. b3 Rad8 20. Bxb7 Bxa4
21. bxa4 Qa3 22. Qb4 Qxa2 23. Qb3 Qxb3 24. Rxb3 Nd7 25. Bc6 Nc5 26. Rb6 Rd6 27.
a5 Rfd8 28. Rfb1 d3 29. cxd3 Rxd3 30. Bf3 Ra3 31. Rc6 Rxa5 32. Be2 Ne4 33. Rxa6
Rxa6 34. Bxa6 Rd2 1/2-1/2

[Event "I Torneo Internazionale A"]
[Site "Bergamo ITA"]
[Date "2009.03.15"]
[Round "4"]
[White "Massironi, Marco"]
[Black "Genocchio, Daniele"]
[Result "0-1"]
[WhiteElo "2182"]
[BlackElo "2440"]
[PlyCount "52"]
[EventDate "2009.03.13"]

1. e4 c6 2. Nf3 d5 3. exd5 cxd5 4. Ne5 Nc6 5. d4 Nf6 6. Bb5 Bd7 7. Nxd7 Qxd7 8.
c3 e6 9. O-O Bd6 10. Nd2 O-O 11. Nf3 Qc7 12. h3 Kh8 13. Re1 Ne4 14. Bd3 f5 15.
Ng5 Rf6 16. Qh5 Bh2+ 17. Kf1 h6 18. Nf3 Kg8 19. Nxh2 Qxh2 20. Qf3 e5 21. Ke2
Re8 22. Bxe4 fxe4 23. Qh5 Ref8 24. Be3 Qxg2 25. Qh4 exd4 26. cxd4 Rxf2+ 0-1

[Event "I Torneo Internazionale A"]
[Site "Bergamo ITA"]
[Date "2009.03.15"]
[Round "4"]
[White "Mazi, Leon"]
[Black "Molina, Fabrizio"]
[Result "1-0"]
[WhiteElo "2377"]
[BlackElo "2305"]
[PlyCount "69"]
[EventDate "2009.03.13"]

1. e4 e6 2. d3 d5 3. Nd2 Nf6 4. Ngf3 Bc5 5. e5 Nfd7 6. g3 O-O 7. Bg2 f6 8. exf6
Qxf6 9. O-O e5 10. c3 Nb6 11. a4 a5 12. h3 Nc6 13. Nb3 Bd6 14. Bg5 Qg6 15. Be3
Ne7 16. Bxb6 cxb6 17. Re1 Qf6 18. Nbd2 Be6 19. Qe2 Nc6 20. Qe3 Bf5 21. Nh4 d4
22. Qe2 Bc5 23. Nxf5 Qxf5 24. Ne4 dxc3 25. bxc3 Rad8 26. Ra2 Qd7 27. Bf1 h6 28.
Rb2 Rf7 29. Qg4 Qxg4 30. hxg4 Rdd7 31. Rb5 Kh7 32. Nxc5 bxc5 33. Rxc5 Rf6 34.
Bg2 Rdd6 35. Rb1 1-0

[Event "I Torneo Internazionale A"]
[Site "Bergamo ITA"]
[Date "2009.03.15"]
[Round "4"]
[White "Mrdja, Milan"]
[Black "Stips, Felix"]
[Result "1-0"]
[WhiteElo "2386"]
[BlackElo "2152"]
[PlyCount "73"]
[EventDate "2009.03.13"]

1. e4 d5 2. exd5 Qxd5 3. Nc3 Qd6 4. d4 Nf6 5. Nge2 g6 6. Bf4 Qd8 7. Qd2 Bg7 8.
h4 h5 9. f3 c6 10. O-O-O Qa5 11. Kb1 Be6 12. Nc1 Na6 13. Nb3 Bxb3 14. axb3 Nb4
15. Na4 b5 16. c3 Na6 17. Nc5 Nxc5 18. b4 Qa4 19. bxc5 Nd5 20. Bd3 b4 21. cxb4
Nxb4 22. Bc4 Rd8 23. Qe2 Rxd4 24. Rxd4 Bxd4 25. Qe4 f5 26. Qe2 Kf8 27. Rc1 Bf6
28. Qe6 Nd5 29. Be5 Bxe5 30. Bxd5 cxd5 31. Qxe5 Rg8 32. Qxd5 Kg7 33. c6 Qa6 34.
Re1 Re8 35. Qd7 Kf7 36. c7 Qc8 37. Rxe7+ 1-0

[Event "I Torneo Internazionale A"]
[Site "Bergamo ITA"]
[Date "2009.03.15"]
[Round "4"]
[White "Palac, Mladen"]
[Black "Kalajzic, Ivan"]
[Result "1-0"]
[WhiteElo "2553"]
[BlackElo "2224"]
[PlyCount "89"]
[EventDate "2009.03.13"]

1. e4 c6 2. d4 d5 3. e5 c5 4. dxc5 Nc6 5. Nf3 Bg4 6. Be3 e6 7. c3 Nge7 8. Bb5
Qc7 9. Nbd2 Nf5 10. Bd4 Be7 11. Qa4 O-O 12. O-O a6 13. Bxc6 bxc6 14. h3 Bh5 15.
Rfe1 Rfb8 16. g4 Nxd4 17. Qxd4 Bg6 18. b4 a5 19. a3 Bd8 20. Qe3 Qb7 21. Nd4
axb4 22. cxb4 Ra6 23. f4 h6 24. f5 exf5 25. gxf5 Bg5 26. Qf2 Bh5 27. N2b3 Qe7
28. f6 Qd7 29. Qg3 gxf6 30. e6 Qb7 31. h4 Kh7 32. hxg5 Rg8 33. exf7 Qxf7 34.
Nf5 Rxg5 35. Qxg5 hxg5 36. Re7 Qxe7 37. Nxe7 Be8 38. Na5 Bd7 39. Nexc6 Bxc6 40.
Nxc6 Rxc6 41. Rc1 d4 42. b5 Rc8 43. b6 d3 44. b7 Re8 45. Rd1 1-0